MARC

LEADER 00000nam0a2200000 4500
001 361008
005 20231102011338.0
035 |a (RuTPU)RU\TPU\retro\18334 
090 |a 361008 
100 |a 20210521d1980 m y0rusy50 ca 
101 0 |a rus 
102 |a RU 
105 |a a j 001zy 
200 1 |a Учебное пособие к курсу и специальному практикуму по физико-химическим методам исследования органических соединений  |f Г. Л. Рыжова, С. С. Кравцова, С. А. Матасова, Л. Л. Госсен 
210 |a Томск  |c Изд-во ТГУ  |d 1980 
215 |a 54 с.  |c ил. 
320 |a Библиогр.: с. 51 
606 1 |a Органические соединения  |x Спектроскопические исследования  |2 stltpush  |3 (RuTPU)RU\TPU\subj\75557  |9 87273 
610 1 |a учебные пособия 
610 1 |a практикумы 
610 1 |a комплексные соединения 
610 1 |a спектрометрические методы 
610 1 |a спектральные характеристики 
610 1 |a спектрофотометрия 
610 1 |a титрование 
610 1 |a метод наименьших квадратов 
610 1 |a строение 
675 |a 547:543.4(075.8)  |v 4 
701 1 |a Рыжова  |b Г. Л.  |g Галина Лазаревна 
701 1 |a Кравцова  |b С. С.  |g Светлана Степановна 
701 1 |a Матасова  |b С. А.  |g Светлана Александровна 
701 1 |a Госсен  |b Л. Л.  |g Лилия Павловна 
801 1 |a RU  |b 63413507  |c 20210521 
942 |c BK